| 000 | 01204nam a2200337 i 4500 | ||
|---|---|---|---|
| 003 | EG-GICUC | ||
| 005 | 20260428104529.0 | ||
| 008 | 260428b fr fr|||| 00| 0 fre d | ||
| 040 |
_aEG-GiCUC _bfre _cEG-GiCUC _dEG-GiCUC _eRda |
||
| 041 | _afre | ||
| 082 | 0 | 4 |
_221 _a343.556 _bGR . D |
| 092 | 0 | 4 | _221 |
| 099 | _aLaw1 10 343.556 GR . D 1920 | ||
| 100 | 1 |
_aGriolet, Gaston. _eAuteur |
|
| 245 | 1 | 0 |
_a Dictionnaire Pratique De Droit / _c Publié Sous La Direction De MM. Gaston Griolet, Charles Vergé ; Avec Le Concours De M. Koehler ; Et La Collaboration De Plusieurs Magistrats Et Jurisconsultes. |
| 250 | _aOnzième Édition | ||
| 264 | 1 |
_aParis : _b Librairie Dalloz, _c1920. |
|
| 300 |
_a792 page; _c 24 cm. |
||
| 336 |
_2rda contenu _a texte |
||
| 337 |
_2rda medias _aOrdinateur |
||
| 338 |
_2 transporteur rda _a Ressource en ligne |
||
| 504 | _aComprend des références bibliographiques. | ||
| 546 | _aTexte en français | ||
| 650 | 1 |
_aDroit pénal _2qrmak |
|
| 651 | 1 | _2qrmak | |
| 700 | 1 |
_aVergé, Charles _eCo-Auteur |
|
| 700 | 1 |
_a Koehler, M _eContributeur |
|
| 856 | 4 | 0 | _uhttps://fll.law.cu.edu.eg/fulltext/bks/B10-11349.pdf |
| 905 | _a167 | ||
| 942 |
_2ddc _cBK _e21 _n0 |
||
| 999 |
_c73809 _d73809 |
||